| 000 | 01056nam a2200301 a 4500 | ||
|---|---|---|---|
| 001 | 000110486 | ||
| 003 | CHAP | ||
| 005 | 20230411181215.0 | ||
| 008 | 140903s2010 mx | |r| |||1|||spa|d | ||
| 010 | _a106948 | ||
| 011 | _a107920 | ||
| 020 | _a9786074012620 | ||
| 040 | _cCHAP | ||
| 082 | 0 | 4 |
_a338.47918 _bC76 |
| 245 | 0 | 0 |
_aContra la domesticación del turismo : _blos laberintos del turismo rural / _cpor coordinadores Neptalí Monterroso Salvatierra y Lilia Zizumbo Villarreal. |
| 260 | 3 |
_aMéxico : _bUAEM. Facultad de Ciencias Políticas y Sociales _bPorrúa, _c2010. |
|
| 300 | _a258 p. | ||
| 490 | 0 | _aLas ciencias sociales | |
| 590 |
_aE792CSJ _b05 _c20140903 _lUCH01 _h1353 |
||
| 650 | 1 | 4 |
_aEcoturismo _zAmérica Latina. _9128252 |
| 650 | 1 | 4 |
_aTurismo rural _zAmerica Latina. _9128251 |
| 700 | 0 |
_aMonterroso Salvatierra, Neptalí _ecoord. _977839 |
|
| 700 | 1 |
_aZizumbo Villarreal, Lilia _ecoord. _9124089 |
|
| 830 | 0 |
_aLas ciencias sociales. Segunda década (Miguel Ángel Porrúa) _965003 |
|
| 901 | _aBK | ||
| 942 | _cLIBRO | ||
| 942 | _n0 | ||
| 999 |
_c106948 _d106948 |
||